|
|
|
|
| LEADER |
00913cam a2200241 7i4500 |
| 001 |
0000045562 |
| 005 |
20170508090000.0 |
| 020 |
|
|
|a 9780415591089 (pbk.)
|
| 020 |
|
|
|a 9780415591096 (hbk.)
|
| 090 |
0 |
0 |
|a GV464.5
|b .C57 2012
|
| 100 |
1 |
|
|a Carroll, Maggie
|
| 245 |
1 |
0 |
|a Developing physical health and well-being through gymnastics (7-11) :
|b a session-by-session approach
|c Maggie Carroll, Jackie Hannay.
|
| 250 |
|
|
|a 3rd ed.
|
| 260 |
|
|
|a London:
|b Routledge,
|c 2012.
|
| 300 |
|
|
|a v, 232 p.:
|b col. ill.;
|c 25 cm.
|
| 650 |
0 |
0 |
|a Gymnastics for children
|
| 650 |
0 |
0 |
|a Movement education
|
| 700 |
1 |
|
|a Hannay, Jackie
|
| 997 |
|
|
|a Business & Accountancy, Faculty
|
| 997 |
|
|
|a Education & Social Sciences, Faculty
|b Education, Department
|
| 998 |
|
|
|a Sport Management Industry, Diploma
|
| 998 |
|
|
|a Education (Co-Curriculum & Sports Management), Master
|
| 999 |
|
|
|a 0000055789
|b BOK
|c OPEN SHELF
|e 1st Floor, Shah Alam
|